000 00450cam a2200145 4500500
005 20260329002325.0
041 _afre
042 _adc
100 1 0 _aMichaud, Yves
_eauthor
245 0 0 _aDu plaisir à l’addiction
260 _c2012.
500 _a91
786 0 _nPhilosophie magazine | 56 | 2 | 2012-02-01 | p. 8-8 | 1951-1787
856 4 1 _uhttps://shs.cairn.info/magazine-philosophie-magazine-2012-2-page-8?lang=fr&redirect-ssocas=7080
999 _c1813931
_d1813931